Pavimentos sobre arcillas expansivas

Đã lưu trong:
Chi tiết về thư mục
Tác giả chính: Rodríguez Vargas, Mario Alberto
Định dạng: Không biết
Được phát hành: [San José, Costa Rica] 1974
Những chủ đề:
Các nhãn: Thêm thẻ
Không có thẻ, Là người đầu tiên thẻ bản ghi này!

MARC

LEADER 00000 a2200000 4500
003 011464
005 20221231143820.0
008 140114s1974 cr a m 000 ||s d
040 |c cru CEDI 
090 |a TFG 546 
100 |a Rodríguez Vargas, Mario Alberto  |9 16679 
245 |a Pavimentos sobre arcillas expansivas 
260 |c 1974  |a [San José, Costa Rica] 
300 |a  33 hojas : cuadros,ilustraciones  
500 |a  Tesis (Ingeniero Civil) Universidad de Costa Rica.  
650 |x CONSTRUCCION DE CARRETERAS   |x PAVIMENTOS  |9 967 
942 |c TFG 
999 |c 12422  |d 12422